00623nam a22002057a 450000500170000001000130001702000210003003500130005103700160006404000120008008200160009210000180010824500800012626000380020627000630024430000240030750000490033165000200038065000170040020170124110000.0 aA-371745 c00.00a818507277 aA-371745 bCen Lib/Ret aDPLbEN a342.54bGAN aGanesh Prasad aRight to constitutional remedies in Indian constitution /cby Ganesh Prasad bAllahabadaVohra Publishersc1989 bAllahabada36-M. G. Marg (Behind Kalpana Talkies) e211001 axvi,187p.c20cm(Hb) aIncludes bibliographic references and index  aJudicial review aCivil rights